01236cam a22003011 4500001001300000003000400013005001700017008004100034010001700075035001900092040002600111042001200137050002200149086002800171100003800199245014100237260004300378300001800421490008200439500006200521504003500583650004200618700004100660810007300701810008900774830005400863999001700917gs 51000224 DLC20260227111358.0760223s1949 azu s001 0 eng  ags 51000224  a(OCoLC)2007295 aDLCcAzFUdOCoLCdDLC apremarc00aTN24.A6bW53 19490 aMN 1.3:B 85/1552azdocs1 aWilson, Eldred Dewey,d1898-1965.10aArizona nonmetallics ;ba summary of past production and present operations.c2d. ed., rev. by Eldred D. Wilson and George H. Roseveare. aTucson,bUniversity of Arizona,c1949. a60 p.c23 cm.1 aArizona Bureau of Mines, Mineral technology series,vno. 42. Bulletin no. 155 aUniversity of Arizona bulletin, v. 29, no. 2, April 1949. a"References cited" : p. 53-83. 0aMines and mineral resourceszArizona.1 aRoseveare, George H.,ejoint author.2 aUniversity of Arizona.bState Bureau of Mines.tBulletin ;vno. 155.2 aUniversity of Arizona.bState Bureau of Mines.tMineral technology series ;vno. 42. 0aBulletin (University of Arizona) ;vv. 20, no. 2. c28576d28576